[Event "Mechanics' Leighton Allen TNM; G/2"]
[Site "San Francisco"]
[Date "2015.09.01"]
[Round "5.11"]
[White "Gaffagan, Steven"]
[Black "Kuczek, Kevin W"]
[Result "0-1"]
[WhiteElo "2113"]
[BlackElo "1611"]
[Annotator "Donaldson"]
[PlyCount "70"]
[EventDate "2015.??.??"]

1. c4 e5 2. g3 f5 3. Bg2 (3. d4) 3... Nf6 4. Nc3 Bc5 5. e3 Nc6 6. a3 a5 7. Nge2
d6 8. d4 Bb6 9. O-O O-O 10. Rb1 Qe8 11. b4 axb4 12. axb4 exd4 13. exd4 Ne4 14.
Nd5 Ne7 15. Nxb6 cxb6 16. d5 Bd7 17. Qd4 Nc8 18. Bb2 Rf7 19. Rfe1 Re7 20. Nf4
Ra4 21. Nd3 Nf6 22. Rxe7 Qxe7 23. Re1 Qf8 24. Bf3 b5 25. c5 dxc5 26. Nxc5 Nd6
27. Bd1 Ra2 28. Bb3 Ra8 29. Ne6 Qf7 30. Rc1 Rc8 31. Rxc8+ Bxc8 32. Qf4 Bxe6 33.
Qxd6 (33. dxe6 {with an easy win.}) 33... Bd7 34. Qb8+ Qe8 35. Qxb7 $4 (35.
Qxe8+ Nxe8 36. Be5 {with excellent winning chances.}) 35... Qe1+ 0-1

[Event "Mechanics' Spring TNM; G/2"]
[Site "San Francisco"]
[Date "2015.03.17"]
[Round "1.10"]
[White "Gaffagan, Steven"]
[Black "Magnuson, Gregory"]
[Result "1-0"]
[WhiteElo "2128"]
[BlackElo "1531"]
[Annotator "Donaldson"]
[PlyCount "93"]
[EventDate "2015.??.??"]

1. Nf3 c5 2. e4 Nc6 3. Bb5 e6 4. O-O Nge7 5. Re1 d6 6. c3 Qc7 7. d4 cxd4 8.
cxd4 a6 9. Ba4 b5 10. Bb3 Bb7 11. d5 exd5 12. exd5 Ne5 13. Nc3 N7g6 14. Nd4 Be7
15. a4 b4 16. Ne4 O-O 17. Be3 a5 18. Nf5 Ba6 19. Bd4 f6 20. Re3 Qd7 21. Nxe7+
Nxe7 22. f4 N5g6 {Diagram #} 23. Nxd6 $1 Nxf4 (23... Qxd6 24. Re6 Qd7 25. d6)
24. Nb5 Kh8 25. Bc5 Nfg6 26. Qh5 Rfe8 27. Rh3 Nf8 28. Rf1 Rac8 29. Bd4 Ng8 30.
d6 Re6 31. Bxe6 Qxe6 32. Re3 Qc4 33. b3 Qc6 34. Rfe1 Bxb5 35. axb5 Qxd6 36. Qd1
Rd8 37. b6 Ng6 38. Re6 Qd5 39. Re8 Rxe8 40. Rxe8 Nf4 41. Qd2 Ne6 42. Be3 Qxd2
43. Bxd2 Nc5 44. Rc8 Nb7 45. Rc7 Nd6 46. b7 Nxb7 47. Rxb7 1-0

[Event "Mechanics' Fall TNM; G/2"]
[Site "San Francisco"]
[Date "2015.10.20"]
[Round "1.12"]
[White "Gaffagan, Steven"]
[Black "Morgan, Jerry Dugl"]
[Result "1-0"]
[WhiteElo "2066"]
[BlackElo "1588"]
[Annotator "Donaldson"]
[PlyCount "37"]
[EventDate "2015.??.??"]

1. e4 Nf6 2. e5 Nd5 3. d4 d6 4. c4 Nb6 5. exd6 exd6 6. Nc3 Nc6 7. Be3 Be7 8.
Bd3 Nb4 9. Be2 O-O 10. Nf3 Bg4 11. b3 Bf6 12. a3 Nc6 13. O-O Re8 14. Qd2 Ne7 $6
(14... a5) 15. Ne4 Nf5 16. Nxf6+ Qxf6 17. Rae1 Nd7 (17... h6 $11) 18. h3 Bh5 $4
(18... Bxf3 19. Bxf3 c6 $16) 19. Bg5 {19...Qg6 20.g4 winning material.} 1-0

[Event "Mechanics' Spring TNM; G/2"]
[Site "San Francisco"]
[Date "2015.04.14"]
[Round "5.11"]
[White "Gaffagan, Steven"]
[Black "Purland, Mathew"]
[Result "1-0"]
[WhiteElo "2128"]
[BlackElo "1507"]
[Annotator "Winslow,Elliott"]
[PlyCount "53"]
[EventDate "2015.??.??"]

1. e4 e6 2. d4 d5 3. Nd2 dxe4 4. Nxe4 Bd7 5. Nf3 Bc6 6. Bd3 Nd7 7. Qe2 Ngf6 8.
O-O Be7 9. Re1 Bxe4 10. Bxe4 Nxe4 11. Qxe4 c6 12. Qg4 Rg8 $6 (12... O-O 13. Bh6
Bf6 {is fine.}) 13. Bg5 Nf6 14. Bxf6 Bxf6 15. c4 Qd6 {Diagram [#]} 16. d5 $1 {
Busting it open while Black's king is short on options.} cxd5 17. cxd5 Qxd5 18.
Rad1 (18. Red1 $5) 18... Qxa2 19. Qe4 (19. Ng5 $5) (19. Ne5 $5) 19... Qa6 (
19... Qb3) 20. Ra1 (20. Qxh7) 20... Qc6 21. Qxh7 Ke7 {
Black is "threatening" to just be up a pawn or two...} 22. Rac1 Qa6 $2 (22...
Qb6) 23. Rc7+ Kf8 {Stockfish: "#9" (as in mate in nine)} 24. Qe4 $2 ({
You want to see how? Okay:} 24. Qh5 g6 (24... Be7 25. Ne5 g6 26. Qh7 Rg7 27.
Nd7+) 25. Qh7 Rg7 26. Qh8+ Rg8 27. Qxf6 Rg7 28. Ne5 {
and Rxf7(+) is going to be mate soon.}) 24... Rb8 $2 {
All sorts of other moves gave Black some hope, especially} (24... Rh8 $1 {
in order to have the option ...Kg8!}) 25. Qb4+ {
Back to the center with you wretched king, you!} Ke8 26. Ne5 $1 Qb6 {Caving}
27. Qa4+ 1-0

[Event "Mechanics' Winter TNM; 30/90, SD/30"]
[Site "San Francisco"]
[Date "2015.01.13"]
[Round "2.10"]
[White "Gaffagan, Steven"]
[Black "Rosenstein, Perry"]
[Result "1-0"]
[WhiteElo "2150"]
[BlackElo "1745"]
[PlyCount "43"]
[EventDate "2015.??.??"]

1. d4 f5 2. g3 Nf6 3. Bg2 g6 4. Nh3 Bg7 5. Nf4 O-O 6. c3 c6 7. Nd2 Qe8 8. Nf3
Na6 9. Qb3+ Kh8 10. h4 h5 11. Ne5 Rg8 12. Nfxg6+ Kh7 13. Nf4 d6 14. Nf7 e5 15.
Ng5+ Kh8 16. dxe5 dxe5 17. Nf7+ Kh7 18. Ng5+ Kh8 19. Nd3 Nc7 20. Nxe5 Be6 21.
Qxe6 Qxe6 22. Ng6# 1-0

[Event "Mechanics' Winter TNM; 30/90, SD/30"]
[Site "San Francisco"]
[Date "2015.02.17"]
[Round "7.10"]
[White "Gaffagan, Steven"]
[Black "Royzen, Igor"]
[Result "1-0"]
[WhiteElo "2150"]
[BlackElo "1874"]
[PlyCount "87"]
[EventDate "2015.??.??"]

1. c4 Nf6 2. g3 c6 3. Bg2 d5 4. b3 Bf5 5. Bb2 e6 6. Nf3 Nbd7 7. O-O Be7 8. d3
O-O 9. Nbd2 a5 10. a3 Qb6 11. Ra2 h6 12. Qa1 Rfd8 13. h3 Ne8 14. Nd4 Bg6 15.
cxd5 exd5 16. a4 Nef6 17. N2f3 Ne8 18. Rb1 Bb4 19. Nh4 Bh7 20. Ndf5 Bf8 21. g4
Qc7 22. Rc1 Qb6 23. Bd4 Qb4 24. Bc3 Qb6 25. e3 Qa6 26. Bf1 Qb6 27. Bd4 Qb4 28.
Bc3 Qb6 29. Be2 Rac8 30. Qb2 Ra8 31. Kh1 Nc5 32. Bd4 Qb4 33. Rxc5 Bxc5 34. Bc3
Qb6 35. Bxg7 d4 36. Bxh6 Qb4 37. e4 Qe1+ 38. Kg2 Qb4 39. Qc1 Bf8 40. Rc2 Qxb3
41. Qg5+ Kh8 42. Bxf8 Qxc2 43. Bg7+ Kg8 44. Nh6# 1-0

[Event "Mechanics' Winter TNM; 30/90, SD/30"]
[Site "San Francisco"]
[Date "2015.01.27"]
[Round "4.7"]
[White "Gaffagan, Steven"]
[Black "Steger, Eric"]
[Result "1/2-1/2"]
[WhiteElo "2150"]
[BlackElo "1973"]
[Annotator "Donaldson"]
[PlyCount "173"]
[EventDate "2015.??.??"]

1. d4 Nf6 2. c4 g6 3. Nc3 Bg7 4. e4 d6 5. Nf3 O-O 6. Be2 e5 7. d5 Nbd7 8. Bg5
h6 9. Bh4 a5 10. Nd2 Nc5 11. O-O g5 12. Bg3 Nfxe4 13. Ndxe4 Nxe4 14. Nxe4 f5
15. Nc3 f4 16. Rb1 (16. Bg4 fxg3 17. hxg3 e4) (16. Bd3) 16... Bf5 17. Bd3 Qf6
18. Be4 Qg6 19. Qd3 b6 20. h3 fxg3 21. fxg3 Bxe4 22. Qxe4 Qxe4 23. Nxe4 Rxf1+
24. Rxf1 Rf8 25. Rxf8+ (25. Rc1) 25... Kxf8 26. g4 Kf7 27. Kf2 Bf6 28. Ke3 Bd8
29. b3 (29. Kd3 Be7 30. Kc3 Ke8 31. Kb3 Kd7 32. Ka4 Bf8 33. Ng3 Be7 34. Kb5 Bf8
35. Nf5 Kd8 36. Kc6 Kc8 37. b3 Kd8 (37... e4)) 29... Kg6 30. Nd2 h5 31. Kf3 h4
32. Ke4 Kf6 33. a3 Kg6 34. b4 axb4 35. axb4 Kf6 36. Nf1 Be7 37. Ne3 Bf8 38. Nf5
Kg6 39. g3 hxg3 40. Nxg3 Kf6 41. Kd3 Be7 42. Ne4+ Kf7 43. Nc3 Bd8 44. Ke4 Kf6
45. Nb5 Kg6 46. Na7 Be7 47. Nc6 Bf6 48. b5 Kg7 49. Kf5 Kf7 50. Nb4 e4 51. Kxe4
Kg6 52. Nc6 Bb2 53. Nd8 Kf6 54. Ne6 Ba3 55. Nxc7 Bc5 56. Ne6 Ba3 57. Nd4 Kg6
58. Nf3 Kf6 59. Ne1 Bc5 60. Nd3 Bg1 61. Nc1 Bf2 62. Nd3 Bg1 63. Nb4 Bc5 64. Nc6
Bf2 65. Nd4 Be1 66. Nf3 Bb4 67. Kd3 Bc5 68. Ke2 Ba3 69. Kf1 Bc5 70. Kg2 Be3 71.
Kg3 Bf4+ 72. Kf2 Bc1 73. Kg2 Bf4 74. Kf2 Bc1 75. Ke2 Ba3 76. Kd3 Bb4 77. Ke4
Ba3 78. h4 gxh4 79. g5+ Kg6 80. Kf4 h3 81. Kg4 Bc1 82. Nh4+ Kf7 83. Nf3 Kg6 84.
Kxh3 Bxg5 85. Kg4 Be3 86. Ne1 Kf6 87. Nd3 1/2-1/2

[Event "Mechanics' Spring TNM; G/2"]
[Site "San Francisco"]
[Date "2015.03.31"]
[Round "3.1"]
[White "Gaffagan, Steven"]
[Black "Winslow, Elliott"]
[Result "1/2-1/2"]
[WhiteElo "2128"]
[BlackElo "2306"]
[PlyCount "128"]
[EventDate "2015.??.??"]

1. e4 Nf6 2. e5 Nd5 3. d4 d6 4. Nf3 dxe5 5. Nxe5 c6 6. Nd2 Nd7 7. Ndf3 Nxe5 8.
Nxe5 g6 9. Bc4 Bg7 10. Qe2 O-O 11. c3 Be6 12. O-O Qd6 13. Bb3 c5 14. Re1 cxd4
15. cxd4 a5 16. Bd2 a4 17. Bc4 Rfc8 18. a3 Qb6 19. Bxd5 Bxd5 20. Bc3 Rc7 21.
Rad1 Qa6 22. Qg4 e6 23. h4 Bb3 24. Rd2 Qd6 25. h5 Rd8 26. Bb4 Qd5 27. Qf4 Rdc8
28. h6 Bh8 29. Bc3 f6 30. Nf3 b6 31. Rde2 Qd7 32. Nh2 Bd5 33. Ng4 Qf7 34. Ne3
Bb7 35. Nc2 Bd5 36. Nb4 Bc4 37. Re3 Qd7 38. Qg3 f5 39. d5 Bxc3 40. bxc3 Bxd5
41. Nxd5 Qxd5 42. Rxe6 Rxc3 $4 {Diagram #} 43. Re8+ (43. Rxg6+ {mates in 3})
43... Rxe8 44. Rxe8+ Kf7 45. Qxc3 Kxe8 46. Qh8+ Ke7 47. Qxh7+ Kf6 48. g3 Qd1+
49. Kg2 Qd5+ 50. Kg1 Qd1+ 51. Kh2 Qh5+ 52. Kg2 Kg5 53. Qd7 Kxh6 54. Qxa4 Qe2
55. Qf4+ Kg7 56. Qc7+ Kh6 57. Qf4+ Kg7 58. Qd4+ Kh7 59. Qd7+ Kh6 60. a4 Qe4+
61. Kg1 Qe1+ 62. Kg2 Qe4+ 63. Kg1 Qe1+ 64. Kg2 Qe4+ 1/2-1/2

[Event "Mechanics' Leighton Allen TNM; G/2"]
[Site "San Francisco"]
[Date "2015.09.01"]
[Round "5.9"]
[White "Gerwin, Gene"]
[Black "Askin, Michael"]
[Result "0-1"]
[WhiteElo "1822"]
[BlackElo "2080"]
[PlyCount "57"]
[EventDate "2015.??.??"]

1. a3 e5 2. d3 c5 3. g3 Nc6 4. Bg2 Nf6 5. h3 d5 6. e3 Be7 7. Ne2 Be6 8. O-O h5
9. Nd2 Qd7 10. Kh2 Bd6 11. e4 O-O-O 12. b4 cxb4 13. axb4 Bxb4 14. Ba3 Bxd2 15.
exd5 Bxd5 16. Bxd5 Qxd5 17. Qxd2 Qf3 18. h4 Ng4+ 19. Kg1 g5 20. Nc3 gxh4 21.
Qe2 Qxe2 22. Nxe2 hxg3 23. fxg3 Rd7 24. Bc5 b6 25. Bf2 Kb7 26. Kg2 Nb4 27. Rac1
Rc7 28. d4 Nxc2 29. Kg1 0-1

[Event "Mechanics' Leighton Allen TNM; G/2"]
[Site "San Francisco"]
[Date "2015.08.18"]
[Round "3.7"]
[White "Gerwin, Gene"]
[Black "Byambaa, Uyanga"]
[Result "0-1"]
[WhiteElo "1822"]
[BlackElo "2195"]
[PlyCount "64"]
[EventDate "2015.??.??"]

1. b3 e5 2. Bb2 Nc6 3. d3 d5 4. g3 f5 5. e3 Nf6 6. Bg2 Bd6 7. Ne2 O-O 8. Nd2 f4
9. exf4 exf4 10. O-O Be6 11. Nf3 h6 12. Ned4 Bg4 13. Nxc6 bxc6 14. Qd2 Qd7 15.
Be5 Bxf3 16. Bxd6 Bxg2 17. Bxf8 Bxf1 18. Rxf1 Rxf8 19. Qxf4 Ng4 20. Qa4 Ne5 21.
f4 Ng4 22. Qxa7 d4 23. Qc5 Re8 24. a4 Nxh2 25. Ra1 Re2 26. Qh5 Ng4 27. a5 Qe6
28. Kf1 Rf2+ 29. Kg1 Rxc2 30. a6 Qe3+ 31. Kh1 Qf3+ 32. Kg1 Qg2# 0-1

[Event "Mechanics' Fall TNM; G/2"]
[Site "San Francisco"]
[Date "2015.12.08"]
[Round "8.12"]
[White "Gerwin, Gene"]
[Black "Clemens, Kristian"]
[Result "1-0"]
[WhiteElo "1822"]
[BlackElo "1932"]
[PlyCount "83"]
[EventDate "2015.??.??"]

1. b3 d5 2. Bb2 c5 3. e3 Nc6 4. f4 Nf6 5. Nf3 Bg4 6. Bb5 g6 7. O-O Bg7 8. h3
Bxf3 9. Qxf3 O-O 10. Bxc6 bxc6 11. d3 Qb6 12. Nc3 c4 13. Na4 Qb5 14. e4 Rad8
15. Bxf6 exf6 16. dxc4 dxe4 17. cxb5 exf3 18. bxc6 Rd2 19. Rxf3 Rxc2 20. Rc3
Rxc3 21. Nxc3 f5 22. Rc1 Rc8 23. Nd5 Kf8 24. b4 Bd4+ 25. Kf1 f6 26. a4 g5 27.
fxg5 fxg5 28. b5 Kf7 29. Re1 Bc5 30. a5 Bd6 31. Re2 a6 32. Nb6 Rc7 33. bxa6 Bg3
34. Rc2 Re7 35. Rc1 Ra7 36. Rc5 Re7 37. Rc1 Ra7 38. Nd5 Rxa6 39. c7 Bxc7 40.
Rxc7+ Ke6 41. Rc5 Kd6 42. Rb5 1-0

[Event "Mechanics' Fall TNM; G/2"]
[Site "San Francisco"]
[Date "2015.10.27"]
[Round "2.5"]
[White "Gerwin, Gene"]
[Black "Doyle, Bryon"]
[Result "0-1"]
[WhiteElo "1822"]
[BlackElo "2164"]
[Annotator "Donaldson"]
[PlyCount "64"]
[EventDate "2015.??.??"]

1. b3 e5 2. Bb2 Nc6 3. e3 f5 4. Bb5 d6 5. d4 Bd7 6. dxe5 dxe5 7. Nf3 e4 8. Bxc6
Bxc6 9. Qxd8+ Rxd8 10. Ne5 Bb5 11. Nd2 Nf6 12. h3 Bb4 13. c3 Be7 14. O-O-O O-O
15. c4 Be8 16. g4 Bb4 17. a3 Bxd2+ 18. Rxd2 Rxd2 19. Kxd2 fxg4 20. hxg4 Nd7 21.
Ke2 Nc5 22. Rd1 Nxb3 23. Bc3 b5 24. c5 a5 25. c6 h5 26. g5 Kh7 27. Rd8 Nc1+ 28.
Kd2 Nd3 29. Nxd3 exd3 30. f4 h4 31. Ke1 $4 (31. e4 h3 32. Rxd3) 31... h3 32.
Kf2 h2 0-1

[Event "Mechanics' Summer TNM; G/2"]
[Site "San Francisco"]
[Date "2015.06.30"]
[Round "6.26"]
[White "Gerwin, Gene"]
[Black "Gomboluudev, Enkhjin"]
[Result "1/2-1/2"]
[WhiteElo "1904"]
[BlackElo "1482"]
[PlyCount "88"]
[EventDate "2015.??.??"]

1. g3 e5 2. Bg2 d5 3. d3 Nf6 4. Nc3 Nc6 5. e4 dxe4 6. dxe4 Qxd1+ 7. Kxd1 Bc5 8.
f3 Be6 9. Bd2 Rd8 10. Kc1 O-O 11. Na4 Bb6 12. Nxb6 cxb6 13. c3 Rd7 14. Kc2 Rfd8
15. Rd1 Bxa2 16. Bh3 Rd6 17. Ne2 Na5 18. Nc1 Bc4 19. Bg5 Rxd1 20. Rxd1 Rxd1 21.
Kxd1 Kf8 22. Bc8 Ke8 23. b4 Kd8 24. Bf5 Nc6 25. Bxf6+ gxf6 26. Bxh7 Ne7 27. h4
Ke8 28. h5 Kf8 29. Kd2 Kg7 30. Bf5 Nxf5 31. exf5 Kh6 32. g4 Kg5 33. Ke3 a5 34.
bxa5 bxa5 35. Nd3 a4 36. Kd2 a3 37. Ne1 a2 38. Nc2 Bb3 39. Na1 Bc4 40. Ke3 b6
41. Ke4 b5 42. Ke3 Bd5 43. Nc2 Bb3 44. Na1 Bd5 1/2-1/2

[Event "Mechanics' Spring TNM; G/2"]
[Site "San Francisco"]
[Date "2015.04.28"]
[Round "7.15"]
[White "Gerwin, Gene"]
[Black "Handler, Andrew"]
[Result "0-1"]
[WhiteElo "1910"]
[BlackElo "1672"]
[PlyCount "64"]
[EventDate "2015.??.??"]

1. g3 f5 2. Bg2 Nf6 3. d3 e5 4. Nc3 Bb4 5. a3 Bxc3+ 6. bxc3 Nc6 7. c4 d6 8. Nf3
O-O 9. O-O Qe8 10. Rb1 Qh5 11. e3 Rb8 12. Nd2 Qe8 13. f4 Bd7 14. c3 Kh8 15. Nb3
e4 16. d4 Qe7 17. d5 Nd8 18. Nd4 a6 19. Rf2 b6 20. a4 Nb7 21. Nb3 Bxa4 22. Ra2
Bxb3 23. Qxb3 Nc5 24. Qb4 a5 25. Qb2 Ra8 26. Bf1 Rfe8 27. h3 Rg8 28. Qf2 Nfd7
29. Rd2 Raf8 30. Ba3 g5 31. fxg5 Rxg5 32. Qe1 Ne5 0-1

[Event "Mechanics' Leighton Allen TNM; G/2"]
[Site "San Francisco"]
[Date "2015.08.04"]
[Round "1.31"]
[White "Gerwin, Gene"]
[Black "Handler, Andrew To"]
[Result "1-0"]
[WhiteElo "1822"]
[BlackElo "1730"]
[PlyCount "83"]
[EventDate "2015.??.??"]

1. g3 f5 2. b3 Nf6 3. Bb2 e6 4. Bg2 Be7 5. d3 d6 6. Nd2 Nc6 7. a3 e5 8. e3 O-O
9. Ne2 Bd7 10. h3 Qe8 11. c4 a5 12. Qc2 Kh8 13. Nc3 Bd8 14. O-O-O Rb8 15. f3
Ne7 16. g4 b5 17. cxb5 Bxb5 18. Nxb5 Rxb5 19. d4 Ned5 20. Rhe1 f4 21. Nc4 Nxe3
22. Nxe3 fxe3 23. Bf1 Rb6 24. dxe5 dxe5 25. Rxe3 Nxg4 26. Rxd8 Qxd8 27. hxg4
Qg5 28. Qd2 Rd6 29. Bd3 Rfd8 30. Kc2 Rc6+ 31. Bc3 Qe7 32. Qh2 h6 33. Qxe5 Qxe5
34. Rxe5 Rcd6 35. Be4 a4 36. bxa4 R6d7 37. a5 c5 38. a6 Ra7 39. Bb7 Rd7 40.
Re8+ Kh7 41. Be4+ g6 42. Rh8# 1-0

[Event "Mechanics' Leighton Allen TNM; G/2"]
[Site "San Francisco"]
[Date "2015.09.15"]
[Round "7.18"]
[White "Gerwin, Gene"]
[Black "Harris, Clarence"]
[Result "1-0"]
[WhiteElo "1822"]
[BlackElo "1425"]
[PlyCount "89"]
[EventDate "2015.??.??"]

1. g3 Nf6 2. Bg2 e5 3. d3 d5 4. Nd2 Nc6 5. a3 Bd6 6. e3 O-O 7. Ne2 Bd7 8. b3
Re8 9. Bb2 Qc8 10. h3 Be6 11. Kf1 Ne7 12. Kg1 c5 13. Kh2 Nc6 14. c3 Qc7 15. b4
c4 16. dxc4 dxc4 17. a4 a6 18. a5 Na7 19. Qc2 Rac8 20. Rad1 Nc6 21. Ba3 Na7 22.
Bc1 Nc6 23. e4 Na7 24. Nf1 Bd7 25. Be3 Nb5 26. Bb6 Qc6 27. g4 Na3 28. Qc1 Nb5
29. Neg3 Nc7 30. g5 Bxh3 31. gxf6 Bxg2 32. Kxg2 Ne6 33. Be3 Nf4+ 34. Kg1 Re6
35. Rxd6 Qxd6 36. Bxf4 Rxf6 37. Be3 Rd8 38. Bg5 Qd1 39. Qxd1 Rxd1 40. Bxf6 gxf6
41. Rh3 Rd3 42. Kg2 Rxc3 43. Nf5 Rb3 44. Rxb3 cxb3 45. Nd2 1-0

[Event "Mechanics' Winter TNM; 30/90, SD/30"]
[Site "San Francisco"]
[Date "2015.02.03"]
[Round "5.20"]
[White "Gerwin, Gene"]
[Black "Ho, Steve"]
[Result "1-0"]
[WhiteElo "1910"]
[BlackElo "1636"]
[PlyCount "55"]
[EventDate "2015.??.??"]

1. d3 e6 2. c3 b5 3. e4 Bb7 4. a4 b4 5. a5 c5 6. g3 d5 7. Nd2 dxe4 8. dxe4 a6
9. Bg2 f5 10. Qc2 Nf6 11. Ne2 Bd6 12. O-O Bc7 13. cxb4 cxb4 14. Qa4+ Qd7 15.
Qxb4 Bd6 16. Qb3 Nxe4 17. Nxe4 fxe4 18. Bf4 Bd5 19. Qc2 e5 20. Bxe4 Bxe4 21.
Qxe4 Qc6 22. Qe3 O-O 23. Qb3+ Kh8 24. Be3 Qb5 25. Qxb5 axb5 26. Nc3 Bb4 27. Nd5
Bxa5 28. b4 1-0

[Event "Mechanics' Spring TNM; G/2"]
[Site "San Francisco"]
[Date "2015.03.17"]
[Round "1.37"]
[White "Gerwin, Gene"]
[Black "Kondakov, Adrian"]
[Result "1-0"]
[WhiteElo "1910"]
[BlackElo "1251"]
[Annotator "Donaldson"]
[PlyCount "47"]
[EventDate "2015.??.??"]

1. g3 Nf6 2. Bg2 g6 3. d3 Bg7 4. e4 d6 5. Nh3 O-O 6. Nc3 Nc6 7. f4 Bg4 8. Ne2
Nd4 9. Nhg1 Nxe2 10. Nxe2 e5 11. h3 Be6 12. Be3 Nd7 13. Rb1 Bxa2 14. Ra1 Be6
15. f5 gxf5 16. exf5 Bxf5 17. O-O Be6 18. d4 exd4 19. Nxd4 Bc4 20. Rf4 Ne5 21.
Nf5 Bf6 {Diagram #} 22. Rxc4 $1 Nxc4 23. Qg4+ Kh8 24. Qxc4 {
and White later won. Remaining moves unavailable.} 1-0

[Event "Mechanics' Summer TNM; G/2"]
[Site "San Francisco"]
[Date "2015.06.16"]
[Round "4.14"]
[White "Gerwin, Gene"]
[Black "Kondakov, Adrian"]
[Result "0-1"]
[WhiteElo "1904"]
[BlackElo "1501"]
[PlyCount "52"]
[EventDate "2015.??.??"]

1. b3 Nf6 2. Bb2 e6 3. f4 g6 4. Nf3 Bg7 5. e4 d6 6. g4 O-O 7. g5 Nxe4 8. Bxg7
Kxg7 9. d4 c5 10. Qd3 d5 11. Nbd2 Qa5 12. h4 Nxd2 13. Nxd2 Nc6 14. dxc5 Qxc5
15. a3 Qd4 16. Qxd4+ Nxd4 17. O-O-O Bd7 18. Ne4 dxe4 19. Rxd4 Bc6 20. Bg2 Rad8
21. Rhd1 Rxd4 22. Rxd4 f5 23. c4 Re8 24. Kd2 e5 25. fxe5 Rxe5 26. b4 $4 e3+ 0-1

[Event "Mechanics' Spring TNM; G/2"]
[Site "San Francisco"]
[Date "2015.03.31"]
[Round "3.20"]
[White "Gerwin, Gene"]
[Black "LaGrotta, Daniel"]
[Result "0-1"]
[WhiteElo "1910"]
[BlackElo "1592"]
[PlyCount "44"]
[EventDate "2015.??.??"]

1. d3 d5 2. Nd2 e5 3. g3 Nf6 4. Bg2 Bc5 5. e3 Bg4 6. Ngf3 e4 7. dxe4 dxe4 8.
O-O exf3 9. Bxf3 Bxf3 10. Qxf3 Nc6 11. Rd1 Qe7 12. a3 O-O 13. b4 Bb6 14. Bb2
Rad8 15. c4 a5 16. b5 Ne5 17. Qxb7 Nd3 18. Bxf6 Qxf6 19. Ne4 Qf3 20. c5 Nxc5
21. Nxc5 Rxd1+ 22. Rxd1 Qxd1+ 0-1

[Event "Mechanics' Leighton Allen TNM; G/2"]
[Site "San Francisco"]
[Date "2015.09.29"]
[Round "9.18"]
[White "Gerwin, Gene"]
[Black "Liang, Ting"]
[Result "1-0"]
[WhiteElo "1822"]
[BlackElo "1430"]
[PlyCount "105"]
[EventDate "2015.??.??"]

1. b3 e5 2. Bb2 Nc6 3. e3 d5 4. Bb5 Bd6 5. Nf3 Bg4 6. h3 Bxf3 7. Qxf3 e4 8.
Bxc6+ bxc6 9. Qg4 Ne7 10. Qxg7 Ng6 11. Qc3 Qd7 12. d3 Be5 13. d4 Bg7 14. Nd2
O-O 15. Qa5 Rfb8 16. c4 Ne7 17. Rc1 Rb6 18. Ba3 a6 19. Bc5 Rb7 20. Bxe7 Qxe7
21. cxd5 Rb5 22. Qc3 c5 23. O-O Rc8 24. Qc4 cxd4 25. a4 Rb6 26. exd4 e3 27. Nf3
exf2+ 28. Rxf2 Qd6 29. Ne5 Rb4 30. Qc6 Bxe5 31. dxe5 Qxe5 32. Rxf7 Re8 33. Qxc7
Rxb3 34. Qxe5 Rxe5 35. Ra7 Rb8 36. Rd1 Rd8 37. d6 Re6 38. Rxa6 Kf7 39. Ra7+ Kf6
40. d7 Kf7 41. Ra5 Ke7 42. Rh5 h6 43. Rhd5 Ra6 44. a5 Ke6 45. Rh5 Ke7 46. Rhd5
Ke6 47. g4 Ra7 48. Rd6+ Ke7 49. a6 h5 50. gxh5 Rg8+ 51. Kh2 Kd8 52. h6 Rc7 53.
R1d2 1-0

[Event "Mechanics' Spring TNM; G/2"]
[Site "San Francisco"]
[Date "2015.04.14"]
[Round "5.20"]
[White "Gerwin, Gene"]
[Black "Magnuson, Gregory"]
[Result "1-0"]
[WhiteElo "1910"]
[BlackElo "1531"]
[PlyCount "117"]
[EventDate "2015.??.??"]

1. g3 c5 2. Bg2 e6 3. d3 Ne7 4. e4 Nbc6 5. f4 d5 6. Nc3 d4 7. Nce2 Qc7 8. Nf3
Ng6 9. O-O Be7 10. c3 Qb6 11. a4 dxc3 12. bxc3 c4+ 13. d4 e5 14. f5 Nf8 15. a5
Qc7 16. Qa4 Nd7 17. Qxc4 Bd6 18. Qa4 O-O 19. Ba3 Nf6 20. d5 Ne7 21. h3 Nxe4 22.
Qxe4 Bxf5 23. Bxd6 Qxd6 24. Qxe5 Qc5+ 25. Nfd4 Bd3 26. Kh2 Rae8 27. Qh5 Nc6 28.
Rfc1 Nxa5 29. Nf4 Ba6 30. Qg4 Kh8 {Diagram [#]} 31. Nfe6 fxe6 32. Nxe6 Rxe6 33.
dxe6 Nb3 34. Qb4 Qxb4 35. cxb4 Nxc1 36. Rxc1 Bb5 37. Bxb7 Rf2+ 38. Kg1 Rf8 39.
Rc8 Kg8 40. Rc7 a6 41. Bd5 Re8 42. e7+ Kh8 43. Bf7 Rb8 44. Rc1 g6 45. Rd1 Kg7
46. Rd8 Rb7 47. e8=Q Bxe8 48. Bxe8 Rxb4 49. Rd3 Kf6 50. Ra3 Rb6 51. Kf2 Kf5 52.
Bd7+ Ke4 53. Bg4 Rb2+ 54. Be2 h5 55. Rxa6 g5 56. Rg6 Ke5 57. Rg8 g4 58. h4 Kf6
59. Rg5 1-0

[Event "Mechanics' Winter TNM; 30/90, SD/30"]
[Site "San Francisco"]
[Date "2015.02.17"]
[Round "7.9"]
[White "Gerwin, Gene"]
[Black "Tsodikova, Natalya"]
[Result "0-1"]
[WhiteElo "1910"]
[BlackElo "2170"]
[PlyCount "81"]
[EventDate "2015.??.??"]

1. d3 d5 2. e4 dxe4 3. dxe4 Qxd1+ 4. Kxd1 e5 5. Be3 Nc6 6. c3 Be6 7. Nd2 O-O-O
8. Kc2 f5 9. f3 f4 10. Bf2 g5 11. Bc4 $2 {Diagram #} Rxd2+ 12. Kxd2 Bxc4 13. h4
Be7 14. hxg5 Bxg5 15. Bh4 Bxh4 16. Rxh4 h5 17. b3 Be6 18. g3 fxg3 19. Ne2 Nf6
20. Nxg3 Rg8 21. Nxh5 Ne8 22. Rhh1 Bf7 23. Rh2 b5 24. f4 Bxh5 25. Rxh5 exf4 26.
Rf5 Rg2+ 27. Kd3 Rg3+ 28. Kd2 Rg2+ 29. Kd3 Rf2 30. Rh1 Nd6 31. Rc5 Nd8 32. e5
Rf3+ 33. Kc2 Ne4 34. Rxb5 Rxc3+ 35. Kb2 f3 36. Rb4 Re3 37. Rh8 f2 38. e6 f1=Q
39. e7 Re2+ 40. Ka3 Qc1+ 41. Ka4 0-1

[Event "Mechanics' Summer TNM; G/2"]
[Site "San Francisco"]
[Date "2015.06.02"]
[Round "2.4"]
[White "Gerwin, Gene"]
[Black "Tsodikova, Natalya"]
[Result "0-1"]
[WhiteElo "1904"]
[BlackElo "2168"]
[PlyCount "70"]
[EventDate "2015.??.??"]

1. b3 d5 2. Bb2 c5 3. e3 e6 4. f4 Nf6 5. Nf3 Bd6 6. Bb5+ Bd7 7. Nc3 a6 8. Bxd7+
Nbxd7 9. a4 Qc7 10. Ne2 e5 11. fxe5 Nxe5 12. Nxe5 Bxe5 13. Bxe5 Qxe5 14. O-O
O-O 15. Ng3 Rad8 16. Rf5 Qe6 17. Rf4 Ne4 18. Rf3 Rfe8 19. Qe2 Nxg3 20. Rxg3 d4
21. d3 f5 22. Rf1 Rd5 23. Rff3 Re5 24. Kf2 dxe3+ 25. Kg1 Qf6 26. h4 Qxh4 27.
Rh3 Qd4 28. Rfg3 f4 29. Rg4 Rf5 30. Rgh4 h6 31. Kh2 Qe5 32. Kh1 b5 33. axb5
axb5 34. d4 cxd4 35. Rf3 Qf6 0-1

[Event "Mechanics' Fall TNM; G/2"]
[Site "San Francisco"]
[Date "2015.11.10"]
[Round "4.7"]
[White "Gerwin, Gene"]
[Black "Winslow, Elliott C"]
[Result "0-1"]
[WhiteElo "1822"]
[BlackElo "2325"]
[Annotator "Winslow"]
[PlyCount "38"]
[EventDate "2015.??.??"]

1. b3 Nf6 2. Bb2 g6 3. g4 Bg7 4. g5 Nh5 5. Bxg7 Nxg7 6. d4 c5 7. Nc3 Qa5 8. Qd2
cxd4 9. Qxd4 O-O 10. h4 Nc6 11. Qd2 d5 12. e3 Rd8 13. Nb5 Qb6 14. a4 a6 {
not as good as the two central pawn moves, but it sets a sort of trap...} (
14... e5) (14... d4) 15. a5 {Diagram [#]} (15. Nd4 {is a lot more stable!})
15... axb5 16. axb6 Rxa1+ 17. Ke2 Bf5 18. Bg2 (18. Nf3 Ra2 19. Ne1 (19. Nd4
Nxd4+ 20. Qxd4 Ne6 21. Qb4 Rxc2+ 22. Kf3 (22. Ke1 Ra8) 22... Be4+) 19... d4)
18... Ra2 19. Kf3 (19. Kf1 {fights a little longer}) 19... Rxc2 {
winning queen or king} 0-1